000 01074nam a22002057a 4500
008 100629s1994 xxu||||| |||| 00| 0 ara d
082 _222
_a350.994
_bك ل ي
100 1 _915458
_aكليتجارد ، روبرت
245 _aالسيطرة على الفساد /
_cروبرت كليتجارد ؛ ترجمة على حسين حجاج ؛ مراجعة فاروق جرار
260 _aعمان :
_bدار البشير ،
_c1994.
300 _a285 ص :
_c24 سم.
541 _aألف باء ؛
_cشراء ؛
650 _915459
_aفساد
_xسياسة
650 _915460
_aسياسة
_xدول نامية
700 _915461
_aحجاج ، علي حسين
_eترجمة
700 _915462
_aجرار ، فاروق
_eمراجعة
942 _2ddc
_cBB
999 _c14293
_d14293